| 000 | 00000nam 2200000za 4500 |
| 001 | 9.637502 |
| 003 | CaOODSP |
| 005 | 20240207110912 |
| 007 | cr ||||||||||| |
| 008 | 150407|2007||||xxc|||||o f|0| 0 fre d |
| 040 | |aCaOODSP|bfre |
| 043 | |an-cn--- |
| 086 | 1 |aSE3-50/2007F-PDF |
| 245 | 00|aManuel d'élection des candidats, de leurs agents officiels et de leurs vérificateurs |h[ressource électronique]. |
| 250 | |a03/07 [éd. rév.] |
| 260 | |aOttawa : |bÉlections Canada, |c2007. |
| 300 | |a80 p. |
| 520 | 3 |aCe manuel a été préparé pour aider les candidats et leurs agents officiels à se conformer aux dispositions de la Loi. [. . . ] Ce qui suit représente l'interprétation de la Loi électorale du Canada que fait le directeur général des élections. -- Introduction |
| 590 | |a10-05-Supp|b2010-07-20 |
| 691 | 07|aCandidat|2gcpds |
| 691 | 07|aÉlections|2gcpds |
| 691 | 07|aManuel|2gcpds |
| 710 | 2 |aÉlections Canada. |
| 775 | 08|tElection handbook for candidates, their official agents and auditors |w(CaOODSP)9.693328 |
| 795 | |tManuel d'élection des candidats, de leurs agents officiels et de leurs vérificateurs |w(CaOODSP)9.630609 |
| 856 | 40|ahttp://publications.gc.ca|qPDF|s432 Ko|uhttps://publications.gc.ca/collections/collection_2010/elections/SE3-50-2007-fra.pdf |
| 986 | |aEC 20190 |